000 00373nam a2200145Ia 4500
008 241014s9999||||xx |||||||||||||| ||und||
020 _a0-7817-3000-7
060 _aWO 925 M 2003
100 _aPeter Mattei
245 0 _aSurgical Directives Pediatric Surgery.
260 _bLippincott Williams and Wilkins
_c2003
300 _a847
650 _aSurgery
942 _bDIMC
_cBK
999 _c9478
_d9478